Movies Quiz

Random Movies or Star Wars Quiz
Score 0/26 Timer 05:00
2 Plays Today
Character Ep. # % Correct
Darth Vader???
90%
Kylo Ren???
89.6%
Padmé Amidala???
89.2%
Qui-Gon Jinn???
88.4%
Mace Windu???
86.8%
Obi-Wan Kenobi???
86.1%
Luke Skywalker???
85.7%
Han Solo???
85.4%
Princess Leia???
82.7%
Snoke???
82%
Jabba the Hutt???
81.7%
Owen & Beru Lars???
80.8%
Greedo???
80.3%
Character Ep. # % Correct
General Grievous???
78.8%
Count Dooku???
77.8%
Jango Fett???
75%
Yoda???
70.9%
Captain Phasma???
70.4%
Shmi Skywalker???
68.7%
Ki-Adi-Mundi???
68.4%
Kit Fisto???
64.8%
Grand Moff Tarkin???
64%
Nute Gunray???
58.6%
Zam Wessell???
52.7%
Biggs Darklighter???
52.3%
Admiral Ackbar???
51.4%
Remove Ads.
Support Sporcle.
Get the best of Sporcle when you Go Orange. This ad-free experience offers more features, more stats, and more fun while also helping to support Sporcle. Thank you for becoming a member.

You're not logged in!

Compare scores with friends on all Sporcle quizzes.
OR
Log In

Sporcle TV

Today on Sporcle TV


Watch our educational content, quiz creation guides, and fun videos on Sporcle TV.

Show Comments

Extras

Top Quizzes Today


Score Distribution

Paid Content

Your Account Isn't Verified!

In order to create a playlist on Sporcle, you need to verify the email address you used during registration. Go to your Sporcle Settings to finish the process.

Report this User

Report this user for behavior that violates our Community Guidelines.

Details: